Premier League Logos - Statistics

General Stats
  • This quiz has been taken 302 times
    150 since last reset
  • The average score is 17 of 20
Answer Stats
Picture Answer % Correct
Arsenal
98%
Manchester United
94%
Everton
93%
Liverpool
93%
Chelsea
92%
Tottenham
92%
Manchester City
90%
West Ham
88%
Brighton
86%
Wolves
86%
Newcastle
84%
Nottingham Forest
83%
Aston Villa
82%
Brentford
81%
Crystal Palace
79%
Fulham
76%
Luton Town
72%
AFC Bournemouth
71%
Burnley
71%
Sheffield United
64%
No matching quizzes found
Score Distribution
Percent of People with Each Score
Percentile by Number Answered
Your Score History
You have not taken this quiz since the last reset